Blackstone's statutes on Company law 2012-2013 / (Record no. 5872)

MARC details
000 -LEADER
fixed length control field 00584nam a22001937a 4500
008 - FIXED-LENGTH DATA ELEMENTS--GENERAL INFORMATION
fixed length control field 140624b xxu||||| |||| 00| 0 eng d
020 ## - INTERNATIONAL STANDARD BOOK NUMBER
International Standard Book Number 9-7801-9965-219
082 ## - DEWEY DECIMAL CLASSIFICATION NUMBER
Edition number 22 ed.
Classification number 346.066
Item number BLA
100 ## - MAIN ENTRY--PERSONAL NAME
Personal name Blackstones
245 ## - TITLE STATEMENT
Title Blackstone's statutes on Company law 2012-2013 /
Statement of responsibility, etc edited by Derek French
250 ## - EDITION STATEMENT
Edition statement 16 ed.
260 ## - PUBLICATION, DISTRIBUTION, ETC. (IMPRINT)
Place of publication, distribution, etc UK :
Name of publisher, distributor, etc Oxford univ. press
Date of publication, distribution, etc 2012
300 ## - PHYSICAL DESCRIPTION
Extent ix, 778 P. ;
Dimensions 24 cm.
500 ## - GENERAL NOTE
General note Includes Index
650 ## - SUBJECT ADDED ENTRY--TOPICAL TERM
Topical term or geographic name as entry element Company law
650 ## - SUBJECT ADDED ENTRY--TOPICAL TERM
Topical term or geographic name as entry element Blackstone's statutes on Company law 2012-2013
700 ## - ADDED ENTRY--PERSONAL NAME
Personal name French, Derek
942 ## - ADDED ENTRY ELEMENTS (KOHA)
Source of classification or shelving scheme Dewey Decimal Classification
Item type Books
Holdings
Withdrawn status Lost status Source of classification or shelving scheme Damaged status Not for loan Home library Current library Shelving location Date acquired Total Checkouts Full call number Barcode Date last seen Copy number Price effective from Koha item type Public note
    Dewey Decimal Classification     Law Development Centre Main Library Law Development Centre Main Library Text Books and Laws 06/24/2014   346.066 BLA 1181/2014 06/24/2014 1 06/24/2014 Books reserve
    Dewey Decimal Classification     Law Development Centre Main Library Law Development Centre Main Library Text Books and Laws 06/24/2014   346.066 BLA 1182/2014 06/24/2014 2 06/24/2014 Books reserve